[Event "Robecchetto Autunn op 11th"]
[Site "Robecchetto"]
[Date "2014.10.16"]
[Round "2"]
[White "Garcia Rubi, Juan"]
[Black "Ruggeri, Igor"]
[Result "1-0"]
[WhiteElo "1394"]
[BlackElo "1549"]
[PlyCount "109"]
[EventDate "2014.10.09"]
[EventType "swiss"]
[EventRounds "7"]
[EventCountry "ITA"]
[SourceTitle "EXT 2016"]
[Source "ChessBase"]
[SourceDate "2015.10.08"]
[SourceVersion "1"]
[SourceVersionDate "2015.10.08"]
[SourceQuality "1"]

1. e4 c5 2. Nf3 d6 3. d4 cxd4 4. Nxd4 Nf6 5. Nc3 a6 6. Bc4 b5 7. Bb3 Qc7 8. Qd3 Bb7 9. Nd5 Nxd5 10. Bxd5 Nd7 11. 0-0 Nf6 12. Bxb7 Qxb7 13. Re1 g6 14. Bd2 Bg7 15. Rac1 0-0 16. c4 bxc4 17. Rxc4 Rac8 18. Rxc8 Rxc8 19. b3 Qb6 20. h3 Nd7 21. Be3 Ne5 22. Qd2 Qb7 23. f3 Nc6 24. Nxc6 Qxc6 25. Rc1 Bc3 26. Qd3 e5 27. Kf1 Qb5 28. Qxb5 axb5 29. Ke2 b4 30. Bd2 Ra8 31. Rc2 Kg7 32. Bxc3 bxc3 33. Kd3 f5 34. a4 fxe4+ 35. fxe4 Ra5 36. Rxc3 d5 37. exd5 Rxd5+ 38. Ke4 Rd2 39. g4 Re2+ 40. Re3 Ra2 41. Kxe5 Kf7 42. Kd5 Rc2 43. b4 Rb2 44. b5 Rb4 45. Re4 Rb3 46. h4 h6 47. Kc6 Rc3+ 48. Kb7 Rh3 49. g5 hxg5 50. hxg5 Rf3 51. b6 Rf5 52. Kb8 Rxg5 53. b7 Rc5 54. Ka7 Rc7 55. Kb6 1-0

[Event "Milan Province-ch"]
[Site "Milan"]
[Date "2013.01.27"]
[Round "5"]
[White "Ruggeri, Igor"]
[Black "Pollio, Ciro"]
[Result "0-1"]
[WhiteElo "1601"]
[BlackElo "1696"]
[PlyCount "88"]
[EventDate "2013.01.24"]
[EventType "swiss"]
[EventRounds "6"]
[EventCountry "ITA"]
[SourceTitle "EXT 2014"]
[Source "ChessBase"]
[SourceDate "2013.11.20"]
[SourceVersion "1"]
[SourceVersionDate "2013.11.20"]
[SourceQuality "1"]

1. d4 d5 2. c4 e6 3. Nc3 Nf6 4. Bg5 Be7 5. Nf3 0-0 6. e3 h6 7. Bh4 b6 8. Bd3 Bb7 9. 0-0 Nbd7 10. Re1 c5 11. e4 cxd4 12. Nxd4 dxc4 13. Bxc4 Ne5 14. Bb3 Ng6 15. Bxf6 Bxf6 16. Nf3 Qxd1 17. Raxd1 Ne5 18. Nxe5 Bxe5 19. Rd7 Bc6 20. Rd3 Rfd8 21. Rdd1 Rxd1 22. Bxd1 Rd8 23. Bf3 Rd2 24. Rc1 Bxc3 25. Rxc3 Rxb2 26. g3 Bb5 27. Rb3 Rxb3 28. axb3 a5 29. Bd1 Kf8 30. f4 Ke7 31. e5 Kd7 32. Kf2 Kc6 33. Ke3 Kc5 34. Kd2 Kb4 35. Kc2 a4 36. bxa4 Bxa4+ 37. Kc1 Bxd1 38. Kxd1 Kc3 39. Kc1 Kd3 40. Kb2 Ke3 41. Kc3 Kf3 42. Kd4 Kg2 43. g4 Kxh2 44. f5 Kg3 0-1

[Event "Robecchetto Autumn op 9th"]
[Site "Robecchetto"]
[Date "2012.11.22"]
[Round "7"]
[White "Ruggeri, Igor"]
[Black "Redamante, Marzio"]
[Result "1-0"]
[WhiteElo "1545"]
[BlackElo "1491"]
[PlyCount "67"]
[EventDate "2012.10.04"]
[EventType "swiss"]
[EventRounds "7"]
[EventCountry "ITA"]
[SourceTitle "EXT 2024"]
[Source "ChessBase"]
[SourceDate "2023.10.10"]
[SourceVersion "1"]
[SourceVersionDate "2023.10.10"]
[SourceQuality "1"]

1. d4 d5 2. c4 e6 3. Nc3 Nf6 4. Bg5 Be7 5. Nf3 0-0 6. e3 b6 7. Bd3 dxc4 8. Bxc4 Bb7 9. 0-0 Qc8 10. Rc1 h6 11. Bf4 Rd8 12. Bb3 c5 13. Nb5 Qc6 14. Nc7 g5 15. Be5 Nbd7 16. Ba4 Qe4 17. Bc2 Qc6 18. Ba4 Qe4 19. Qe2 Rac8 20. Bc2 Qc6 21. Nb5 Ra8 22. Nc3 Nxe5 23. dxe5 Ng4 24. Be4 Qc7 25. Bxb7 Qxb7 26. h3 Nxf2 27. Qxf2 Bf8 28. Qg3 Rd3 29. h4 b5 30. hxg5 h5 31. g6 Bg7 32. gxf7+ Kf8 33. Ng5 Ke7 34. Nh7 1-0

[Event "Robecchetto Autumn op 9th"]
[Site "Robecchetto"]
[Date "2012.10.04"]
[Round "1"]
[White "Volpe, Antonio"]
[Black "Ruggeri, Igor"]
[Result "0-1"]
[WhiteElo "1727"]
[BlackElo "1545"]
[PlyCount "90"]
[EventDate "2012.10.04"]
[EventType "swiss"]
[EventRounds "7"]
[EventCountry "ITA"]
[SourceTitle "EXT 2024"]
[Source "ChessBase"]
[SourceDate "2023.10.10"]
[SourceVersion "1"]
[SourceVersionDate "2023.10.10"]
[SourceQuality "1"]

1. e4 c5 2. f4 d6 3. Nf3 Nf6 4. Nc3 g6 5. Bc4 Bg7 6. 0-0 0-0 7. d3 Nc6 8. a4 b6 9. Bd2 Bb7 10. f5 Kh8 11. Ng5 Ne5 12. Bb3 d5 13. Bf4 h6 14. Bxe5 hxg5 15. Qe2 gxf5 16. Bxf6 exf6 17. exd5 Qd7 18. Rae1 Rae8 19. Qh5+ Kg8 20. Re2 Rxe2 21. Qxe2 Re8 22. Qf3 f4 23. Nd1 Re5 24. c4 Qe7 25. h3 f5 26. Kh2 Re2 27. Rf2 Re1 28. Rf1 Re2 29. Rf2 Re1 30. Nc3 Bd4 31. Rf1 Re3 32. Qd1 Qe5 33. Qd2 f3+ 34. Kh1 fxg2+ 35. Qxg2 Rg3 36. Qh2 Qe3 37. Nd1 Qxd3 38. Ne3 Qxe3 39. Qf2 Rxh3+ 40. Kg2 Qxf2+ 41. Rxf2 Rxb3 42. Rxf5 Rxb2+ 43. Kg3 f6 44. d6 Be5+ 45. Kg4 Bc8 0-1

[Event "Robecchetto Autumn op 8th"]
[Site "Robecchetto"]
[Date "2011.11.17"]
[Round "5"]
[White "Ruggeri, Igor"]
[Black "Redamante, Marzio"]
[Result "1-0"]
[WhiteElo "1510"]
[BlackElo "1345"]
[PlyCount "67"]
[EventDate "2011.10.20"]
[EventType "swiss"]
[EventRounds "7"]
[EventCountry "ITA"]
[SourceTitle "EXT 2024"]
[Source "ChessBase"]
[SourceDate "2023.10.10"]
[SourceVersion "1"]
[SourceVersionDate "2023.10.10"]
[SourceQuality "1"]

1. d4 d5 2. c4 e6 3. Nf3 Nf6 4. Nc3 Be7 5. e3 0-0 6. Bd3 dxc4 7. Bxc4 Nbd7 8. e4 Nb6 9. Bd3 c6 10. 0-0 Qc7 11. Qc2 h6 12. Ne2 Rd8 13. Bf4 Qd7 14. Ng3 g5 15. Be3 Ng4 16. e5 Nxe3 17. fxe3 Nd5 18. Bh7+ Kf8 19. Qe4 Ke8 20. Nd2 Qc7 21. Rxf7 Kd7 22. Nc4 Rh8 23. Nh5 Kd8 24. Raf1 Bd7 25. Rg7 Be8 26. Nf6 Rf8 27. Nxe8 Rxf1+ 28. Kxf1 Kxe8 29. Rg8+ Bf8 30. Nd6+ Ke7 31. Qf3 Nxe3+ 32. Qxe3 Rd8 33. Qf2 Rxd6 34. Qxf8+ 1-0

[Event "Milan Sport&Cultura op"]
[Site "Milan"]
[Date "2010.02.14"]
[Round "5"]
[White "Ruggeri, Igor"]
[Black "Veri, Giustino"]
[Result "0-1"]
[WhiteElo "1468"]
[BlackElo "1630"]
[PlyCount "56"]
[EventDate "2010.02.12"]
[EventType "swiss"]
[EventRounds "5"]
[EventCountry "ITA"]
[SourceTitle "EXT 2011"]
[Source "ChessBase"]
[SourceDate "2010.11.26"]
[SourceVersion "1"]
[SourceVersionDate "2010.11.26"]
[SourceQuality "1"]

1. d4 Nf6 2. c4 g6 3. Nc3 d5 4. e3 Bg7 5. Nf3 0-0 6. h3 c6 7. Bd3 dxc4 8. Bxc4 b5 9. Bd3 Bb7 10. 0-0 a6 11. Bd2 Nbd7 12. a3 c5 13. dxc5 Nxc5 14. Be2 Nce4 15. Nxe4 Nxe4 16. Bc3 Nxc3 17. bxc3 Bxc3 18. Rc1 Bb2 19. Qxd8 Raxd8 20. Rc7 Bxf3 21. Bxf3 Bxa3 22. Ra7 Rb8 23. Rxa6 Bd6 24. Rb1 b4 25. Rb3 Rfc8 26. Rc6 Rxc6 27. Bxc6 Rc8 28. g3 Rxc6 0-1